| 000 | 00728nam a2200205 i 4500 | ||
|---|---|---|---|
| 001 | 88047 | ||
| 003 | ES-MaACL | ||
| 005 | 20251015063109.0 | ||
| 007 | t| | ||
| 008 | 050103s1946 fr ||||1| fre d | ||
| 100 | 1 |
_aLa Fontaine, Jean de, _d1621-1695 _969147 |
|
| 245 | 1 | 0 |
_aFables choisies mises en vers / _cpar M. de La Fontaine ; introduction, index, glossaire par Pierre Clarac. |
| 260 |
_aParís : _bAssociation pour le Diffusion de la Pensée Française, _c[1946] ( _eCorbeil : _fCrété) |
||
| 300 |
_a463 p. ; _c16 cm. |
||
| 490 | 1 | _aCollection Française | |
| 700 | 1 |
_aClarac, Pierre. _938995 |
|
| 830 | 0 |
_aCollection Française _9184643 |
|
| 852 |
_aES-MaACL _jE-928 _bR.26190 |
||
| 999 |
_c88047 _d88047 |
||